[Event "ESP-ch U12"]
[Site "Salobrena"]
[Date "2022.07.11"]
[Round "1"]
[White "Hernandez Tellez, Ada Angela"]
[Black "Jaime Galeano, Alcher"]
[Result "0-1"]
[WhiteElo "1205"]
[BlackElo "1650"]
[PlyCount "92"]
[EventDate "2022.07.04"]
[EventType "swiss"]
[EventRounds "9"]
[EventCountry "ESP"]
[SourceTitle "EXT 2023"]
[Source "ChessBase"]
[SourceDate "2022.10.05"]
[SourceVersion "1"]
[SourceVersionDate "2022.10.05"]
[SourceQuality "1"]

1. e4 e5 2. Nf3 Nc6 3. Bc4 Bc5 4. c3 d6 5. Bb3 Nf6 6. d3 a6 7. 0-0 Ba7 8. h3 Ne7 9. Nbd2 Ng6 10. Re1 0-0 11. Nf1 c6 12. Ng3 Qc7 13. d4 h6 14. Be3 Nh7 15. Qd2 Qe7 16. Rac1 Bd7 17. Bxh6 gxh6 18. Qxh6 Nf4 19. Nh5 Nxh5 20. Qxh5 Qf6 21. dxe5 dxe5 22. Qxe5 Qxe5 23. Nxe5 Be6 24. Bxe6 fxe6 25. Re2 Ng5 26. Ng4 Rf4 27. e5 Rd8 28. Rcc2 Kf7 29. Kh2 Ne4 30. f3 Ng5 31. Rcd2 Rxd2 32. Rxd2 Ke7 33. Nf6 Nf7 34. Rd7+ Kf8 35. Rxb7 Be3 36. Nh7+ Kg8 37. Nf6+ Kf8 38. Kg3 Nxe5 39. h4 Rxf6 40. h5 Rh6 41. f4 Nd3 42. Kh4 Nxf4 43. g4 Rf6 44. g5 Rf7 45. Rxf7+ Kxf7 46. h6 Kg6 0-1

[Event "ESP-ch U10"]
[Site "Salobrena"]
[Date "2020.07.25"]
[Round "9"]
[White "Hernandez Tellez, Ada Angela"]
[Black "Piris Ferrandis, Asier"]
[Result "0-1"]
[WhiteElo "1084"]
[BlackElo "1193"]
[PlyCount "90"]
[EventDate "2020.07.20"]
[EventType "swiss"]
[EventRounds "9"]
[EventCountry "ESP"]
[SourceTitle "EXT 2021"]
[Source "ChessBase"]
[SourceDate "2020.10.23"]
[SourceVersion "1"]
[SourceVersionDate "2020.10.23"]
[SourceQuality "1"]

1. e4 e5 2. Nf3 d6 3. d4 exd4 4. Nxd4 Nf6 5. Nc3 Be7 6. Be2 0-0 7. Be3 Re8 8. Qd3 c6 9. 0-0 b5 10. a3 Ba6 11. Qd2 Bf8 12. f3 Qe7 13. Bd3 d5 14. Bg5 Qe5 15. Nde2 Bc5+ 16. Kh1 h6 17. Bh4 Nbd7 18. Qf4 Qxf4 19. Nxf4 g5 20. Nfxd5 cxd5 21. Bg3 d4 22. Ne2 Ne5 23. Bxe5 Rxe5 24. a4 Rb8 25. f4 Re6 26. e5 Nd5 27. Bf5 Re7 28. fxg5 Ne3 29. Rf3 Rxe5 30. Ng3 Nxf5 31. Nxf5 hxg5 32. Nh6+ Kg7 33. Nxf7 Rd5 34. Re1 Rf8 35. Ne5 Rxf3 36. gxf3 Kf6 37. axb5 Rxe5 38. Rxe5 Kxe5 39. bxa6 Kf4 40. Kg2 Ke3 41. Kg3 Kd2 42. Kf2 Kxc2 43. Ke2 d3+ 44. Ke1 d2+ 45. Ke2 d1Q# 0-1